| 000 | 00845nam a2200193 i 4500 | ||
|---|---|---|---|
| 001 | 156180 | ||
| 003 | ES-MaACL | ||
| 005 | 20230906210335.0 | ||
| 008 | 020418s1890 sp |||| | spa d | ||
| 040 |
_aCAM _bspa _cCAM |
||
| 100 | 1 |
_aJackson Veyán, José. _965824 |
|
| 245 | 1 | 4 |
_aLas niñas al natural _b: juguete cómico-lírico en un acto y en verso / _clibro de José Jackson Veyan; música del maestro Rubio. |
| 260 |
_aMadrid : _b[s.n.], _c1890 ( _fimprenta de M.P. Montoya) |
||
| 300 |
_a36 p. ; _c20 cm. |
||
| 500 | _aEstrenado el 12 de junio de 1899, en el teatro de Maravillas. | ||
| 596 | _aEn verso de port. consta: "... de la Biblioteca lírico-dramática de Enrique Arregui ..." | ||
| 700 | 0 |
_aRubio, Angel. _9100337 |
|
| 852 |
_aES-MaACL _jF-4092(2) _z-- Enc. hol. _q-- Falto de la cub. original _z-- Enc. en un vol. facticio |
||
| 999 |
_c156180 _d156180 |
||